| 000 | 00965nam0a22002771 4500 | ||
|---|---|---|---|
| 001 | rc\3456750 | ||
| 005 | 20130115124019.9 | ||
| 021 |
_aRU _b70-93718 |
||
| 021 |
_aRU _bРг5966-71 |
||
| 035 | _a(NLR Aleph) 007883958 | ||
| 090 |
_a7935531 _c7935531 |
||
| 100 | _a20130115d1970 |||y0rusy50 ca | ||
| 101 | 0 | _arus | |
| 102 | _aRU | ||
| 105 | _aa z |||c| | ||
| 200 | 1 |
_aНа родине артиста _e[Очерк о М.С. Щепкине] _fОбл. отд-ние Всерос. о-ва охраны памятников истории и культуры |
|
| 210 |
_aБелгород _cБ. и. _d1970 |
||
| 215 |
_a[12] с. _cил. _d20 |
||
| 300 | _aНа обл. авт. не указан | ||
| 700 | 1 |
_aОсыков _bБ. И. _gБорис Иванович |
|
| 702 | 1 |
_aЩепкин _bМ. С. _f1788-1863 _gМихаил Семенович _4570 |
|
| 801 | 0 |
_aRU _bNLR _gpsbo |
|
| 801 | 1 |
_aRU _bELAR _2rusmarc |
|
| 852 |
_aNLR _j71-4/5795 |
||
| 942 | _cBOOK | ||
| 980 | _aNB | ||